000 01527nam a22002297a 4500
999 _c9261
_d9261
003 GBCCL
005 20241126110708.0
008 220621b ||||| |||| 00| 0 eng d
020 _a9781506475455
020 _a1506475450
040 _cgbc
082 _a266
_bCON
245 _aContextualisation and mission training :
_bengaging Asia's religious worlds /
_cedited by Jonathan Ingleby, Tan Kan San and Tan Loun Ling.
260 _aOxford :
_bRegnum Books International in partnership with Asia CMS,
_c2014. ©2014
300 _avii, 109 pages
440 _aRegnum resources for mission.
_916107
505 _aPart I. Contextual frameworks -- What is so theological about contextual mission training? / Tan Kang San -- The hermeneutical principle in relation to contextual mission training / Jonathan Ingle -- Here be dragons: some guidelines for explorers in contextual mission and theology in Asia / David Miller -- The training of Asian missionaries / David Harley -- Part II. Engaging the multiple religious contexts of Asia -- Not under lore : reviewing assumptions that shape Christian training related to witness to Muslims / Carol Walker -- Lessons from the life of Karl Reichelt / Rory Mackenzie -- The 'middle way model?': training with Chinese characteristics / Tan Loun Ling -- Being in mission in the Indian context / Christina Manohar.
650 _aChristianity and culture
_zAsia.
_91275
650 _aMissionaries
_vTraining of.
_916108
650 _aChristianity and culture.
_9886
942 _2ddc
_cBK